MARC

LEADER 00000nam0a2200000 4500
001 249845
005 20231101232517.0
010 |a 5020140929 
020 |a RU  |b 89-5354 
035 |a (RuTPU)RU\TPU\book\271959 
090 |a 249845 
100 |a 20140208d1989 k a0rusy5003 ca 
101 0 |a rus 
102 |a RU 
105 |a a z 001zy 
200 1 |a Анализ очередей в вычислительных сетях  |e теория и методы расчета  |f Г. П. Башарин, П. П. Бочаров, Я. А. Коган 
210 |a Москва  |c Наука  |d 1989 
215 |a 336 с.  |c ил. 
320 |a Библиогр.: с. 323-331. 
320 |a Предм. указ.: с. 334-335. 
606 1 |a Вычислительные сети  |2 stltpush  |3 (RuTPU)RU\TPU\subj\67469  |9 83254 
610 1 |a статистические методы изучения 
610 1 |a теория массового обслуживания 
610 1 |a методы расчета 
610 1 |a понятия 
610 1 |a узлы 
610 1 |a обслуживание 
610 1 |a экспоненциальные структуры 
610 1 |a цепи Маркова 
610 1 |a численные методы 
610 1 |a аппроксимация 
610 1 |a буферная память 
675 |a 681.324  |z rus 
675 |a 004.7  |z rus 
700 1 |a Башарин  |b Г. П.  |g Гелий Павлович  |4 070 
701 1 |a Бочаров  |b П. П.  |g Павел Петрович 
701 1 |a Коган  |b Я. А.  |g Яков Афроимович 
801 0 |a RU  |b RuMRKP  |c 19950417  |g psbo 
801 1 |a RU  |b 63413507  |c 20140208 
801 2 |a RU  |b 63413507  |c 20140225  |g RCR 
942 |c BK